LEADER 02646nam 2200541 450 001 9910480586903321 005 20180111011122.0 010 $a1-78238-769-2 035 $a(CKB)3710000000449038 035 $a(EBL)1816394 035 $a(SSID)ssj0001520170 035 $a(PQKBManifestationID)12557895 035 $a(PQKBTitleCode)TC0001520170 035 $a(PQKBWorkID)11525030 035 $a(PQKB)10952307 035 $a(MiAaPQ)EBC1816394 035 $a(EXLCZ)993710000000449038 100 $a20150731h20152015 uy 0 101 0 $aeng 135 $aurcnu|||||||| 181 $ctxt 182 $cc 183 $acr 200 14$aThe rhythm of eternity $ethe German youth movement and the experience of the past, 1900-1933 /$fRobbert-Jan Adriaansen 210 1$aNew York ;$aOxford, [England] :$cBerghahn Books,$d2015. 210 4$dİ2015 215 $a1 online resource (227 p.) 225 1 $aMaking Sense of History ;$vVolume 22 300 $aIncludes index. 311 $a1-78238-768-4 327 $aThe Rhythm of Eternity ; Contents; Illustrations; Preface; Introduction The German Youth Movement and the Problem of History ; CHAPTER 1 Wandervogel, Freideutsche Jugend and the Spirit of 1813 ; CHAPTER 2 The Experience of the Past ; CHAPTER 3 The Postwar Crisis of Experience and the Religious Turn ; CHAPTER 4 Immanent Eschatology and Medieval Forms ; CHAPTER 5 In Search of the Spiritual Motherland ; Conclusion; Sources and Literature ; Index 330 $aThe Weimar era in Germany is often characterized as a time of significant change. Such periods of rupture transform the way people envision the past, present, and future. This book traces the conceptions of time and history in the Germany of the early 20th century. By focusing on both the discourse and practices of the youth movement, the author shows how it reinterpreted and revived the past to overthrow the premises of modern historical thought. In so doing, this book provides insight into the social implications of the ideological de-historicization of the past. 410 0$aMaking sense of history ;$vVolume 22. 606 $aYouth movements$zGermany$xHistory$y20th century 606 $aYouth$zGermany$xHistory$y20th century 607 $aGermany$xCivilization$y20th century 608 $aElectronic books. 615 0$aYouth movements$xHistory 615 0$aYouth$xHistory 676 $a324/.3 700 $aAdriaansen$b Robbert-Jan$0938835 801 0$bMiAaPQ 801 1$bMiAaPQ 801 2$bMiAaPQ 906 $aBOOK 912 $a9910480586903321 996 $aThe rhythm of eternity$92116334 997 $aUNINA LEADER 03197nam 22005775 450 001 9910257382503321 005 20251113181300.0 010 $a3-540-49535-5 024 7 $a10.1007/b13593 035 $a(CKB)1000000000234836 035 $a(SSID)ssj0000321674 035 $a(PQKBManifestationID)12083776 035 $a(PQKBTitleCode)TC0000321674 035 $a(PQKBWorkID)10279861 035 $a(PQKB)10120744 035 $a(DE-He213)978-3-540-49535-2 035 $a(PPN)238070220 035 $a(EXLCZ)991000000000234836 100 $a20121227d1998 u| 0 101 0 $aeng 135 $aurnn|008mamaa 181 $ctxt 182 $cc 183 $acr 200 10$aBlack Holes: Theory and Observation $eProceedings of the 179th W.E. Heraeus Seminar Held at Bad Honnef, Germany, 18?22 August 1997 /$fedited by Friedrich W Hehl, Claus Kiefer, Ralph J.K. Metzler 205 $a1st ed. 1998. 210 1$aBerlin, Heidelberg :$cSpringer Berlin Heidelberg :$cImprint: Springer,$d1998. 215 $a1 online resource (XV, 519 p.) 225 1 $aLecture Notes in Physics,$x1616-6361 ;$v514 300 $aBibliographic Level Mode of Issuance: Monograph 311 08$a3-540-65158-6 327 $aOverview -- Observations, Astrophysics -- Classical General Relativity -- Beyond Classical General Relativity -- Thermodynamics -- Quantum Theory -- Panel Discussion. 330 $aEinstein's gravitational theory predicts the existence of black holes, objects so dense that light cannot escape their gravitational field. Several types of black hole may exist: mini black holes, stellar black holes, and supermassive black holes with millions of solar masses. Experimental evidence for the existence of stellar and supermassive black holes continues to mount, so what was once considered to be science! fiction, has now become reality. This book gives a broad comprehensive introduction and, at the same time, an overview of all aspects of black hole physics. It should be comprehensible to all students in physics, astrophysics, and mathematics. A well-illustrated introduction, selected exercises, and a number of pictures and diagrams help to make the content more accessible. The text discusses observations of black holes in galactic centres and binary systems, a theory of accretion disks, the general relativistic description of black holes, as well as the thermodynamics of black holes and Hawking radiation. 410 0$aLecture Notes in Physics,$x1616-6361 ;$v514 606 $aAstrophysics 606 $aGravitation 606 $aAstrophysics 606 $aClassical and Quantum Gravity 615 0$aAstrophysics. 615 0$aGravitation. 615 14$aAstrophysics. 615 24$aClassical and Quantum Gravity. 676 $a523.8/875 702 $aHehl$b Friedrich W$4edt$4http://id.loc.gov/vocabulary/relators/edt 702 $aKiefer$b Claus$4edt$4http://id.loc.gov/vocabulary/relators/edt 702 $aMetzler$b Ralph J.K$4edt$4http://id.loc.gov/vocabulary/relators/edt 712 12$aW.E. Heraeus Seminar 906 $aBOOK 912 $a9910257382503321 996 $aBlack Holes: Theory and Observation$92498485 997 $aUNINA